| 000 | 00420 a2200157 4500 | ||
|---|---|---|---|
| 003 | Nust | ||
| 005 | 20170207171856.0 | ||
| 040 | _cNust | ||
| 082 | _a005.1 | ||
| 100 | _aMasood, Mina (MSCS-19) | ||
| 245 |
_aBridging the Data Islands Through Autonomous Ontology Creation in Crime Cloud _cMina Masood |
||
| 260 |
_aRawalpindi _bMCS,NUST _cAugust 2016 |
||
| 300 | _ax, 78 p | ||
| 650 | _aPG Thesis MSCS | ||
| 651 | _aMSCS-19 | ||
| 942 | _cTHS | ||
| 999 |
_c219416 _d219416 |
||